000 00557cam a22002291 4500
001 sa 68015519
003 DLC
005 20260227112644.0
008 890706s1968 ii 000 1 gujo
010 _asa 68015519
035 _a(OCoLC)19974294
040 _aDLC
_cWaU
_dDLC
042 _apremarc
050 0 0 _aPK1858
_b.N3
100 0 _aNandubhāī,
_d1904-
245 1 0 _aSuvāsita jivanakaḷīo.
260 _c[1968]
300 _a6, 243 p.
_c19 cm.
500 _aIn Gujarati.
500 _aShort stories.
650 0 _aShort stories, Gujarati.
999 _c86492
_d86492